00819cam a2200229 a 450000500170000000800410001702000180005804000350007604100080011104400080011908200170012724501180014426000410026230000570030349000280036050400530038865000250044165000280046670000300049470000370052470000280056120180803170431.0120123s2013 flua b 001 0 eng  a9781439852965 aDNAL/DLCcDNALdDLCdCO-BoIAVH0 aeng axxu00a631.46bM58e00aMicrobial ecology in sustainable agroecosystems /ceditado por Tanya E. Cheeke, David C. Coleman, Diana H. Wall. aBoca Raton, FL :bCRC Press,cc2013. axviii, 292 páginas :bilustraciones ;c26 x 19 cm.0 aAdvances in agroecology aIncluye referencias bibliográficas e índice.24aEcología de suelos26aAgricultura ecológica1 aCheeke, Tanya E.eeditora1 aColeman, David C.d1938-eeditor1 aWall, Diana H.eeditora